| Tag |
First Indicator |
Second Indicator |
Subfields |
| LEADER |
00000cam a2200000 i 4500 |
| 001 |
in00000093926 |
| 005 |
20150927070232.0 |
| 008 |
710115s1969 caua b 10000 eng |
| 010 |
|
|
|a 73019674
|
| 035 |
|
|
|a (OCoLC)00118777
|
| 035 |
|
|
|9 AAL5779AM
|
| 040 |
|
|
|a DLC
|c DLC
|d TXA
|d UtOrBLW
|
| 049 |
|
|
|a TXAM
|c [1143580]
|
| 050 |
0 |
0 |
|a TA1505
|b .P47
|
| 082 |
0 |
|
|a 621.36/7
|
| 090 |
|
|
|a TS510
|b .S626
|
| 110 |
2 |
|
|a Society of Photo-optical Instrumentation Engineers.
|
| 245 |
1 |
0 |
|a Proceedings, 14th annual technical symposium. :
|b Photo-optical instrumentation applications and theory.
|
| 264 |
|
1 |
|a [Redondo Beach, Calif.] :
|b Society of Photo-optical Instrumentation Engineers,
|c [1969]
|
| 264 |
|
4 |
|c ©1969
|
| 300 |
|
|
|a xiv, 536 pages :
|b illustrations ;
|c 28 cm.
|
| 336 |
|
|
|a text
|b txt
|2 rdacontent
|
| 337 |
|
|
|a unmediated
|b n
|2 rdamedia
|
| 338 |
|
|
|a volume
|b nc
|2 rdacarrier
|
| 500 |
|
|
|a Symposium held in San Francisco, Aug. 11-14, 1969.
|
| 504 |
|
|
|a Includes bibliographical references.
|
| 650 |
|
0 |
|a Optical instruments
|v Congresses.
|
| 740 |
0 |
|
|a Photo-optical instrumentation applications and theory.
|
| 999 |
|
|
|a MARS
|
| 999 |
f |
f |
|s fc49e425-936a-39a0-a21a-bc99d42f4ba5
|i 966443aa-5b1f-3035-b70b-ddcbfa929c4e
|t 0
|
| 952 |
f |
f |
|p ric
|a Texas A&M University
|b Rellis Campus
|c Joint Library Facility
|d Remote Storage
|t 0
|e TS510 .S626
|h Library of Congress classification
|i unmediated -- volume
|m A14805646793
|
| 998 |
f |
f |
|a TS510 .S626
|t 0
|l Remote Storage
|